[Event "SM-2015-0-00338"]
[Site "LSS email"]
[Date "2015.10.20"]
[Round "?"]
[White "Nemec, Zdenek"]
[Black "Alava Moreno, Fausto"]
[Result "0-1"]
[WhiteElo "2367"]
[BlackElo "2365"]
[PlyCount "68"]
[EventDate "2015.08.21"]
[EventType "tourn (corr)"]
[EventRounds "6"]
[EventCountry "GER"]
[SourceTitle "Corr 2022"]
[Source "ChessBase"]
[SourceDate "2021.10.24"]
[SourceVersion "1"]
[SourceVersionDate "2021.10.24"]
[SourceQuality "1"]

1. c4 e5 2. Nc3 Nf6 3. Nf3 Nc6 4. d4 exd4 5. Nxd4 Bb4 6. Bg5 h6 7. Bh4 Bxc3+ 8. bxc3 0-0 9. e3 Ne5 10. Be2 Ng6 11. Bg3 Ne4 12. 0-0 Nxc3 13. Qc2 Nxe2+ 14. Qxe2 d6 15. a4 Bd7 16. Rfb1 Rb8 17. Rd1 Re8 18. a5 a6 19. Qd3 h5 20. h3 h4 21. Bh2 Nf8 22. Kh1 Qe7 23. Qc2 Ne6 24. f3 Nc5 25. e4 b6 26. Ne2 f5 27. axb6 Rxb6 28. e5 dxe5 29. Nc3 Rc6 30. Nd5 Qf8 31. Nb4 Rce6 32. Nxa6 Nxa6 33. Rxa6 Rxa6 34. Rxd7 e4 0-1

[Event "SM-2015-0-00331"]
[Site "LSS email"]
[Date "2015.08.04"]
[Round "?"]
[White "Klimakovs, Sergejs"]
[Black "Alava Moreno, Fausto"]
[Result "1/2-1/2"]
[WhiteElo "2300"]
[BlackElo "2366"]
[PlyCount "75"]
[EventDate "2015.06.12"]
[EventType "tourn (corr)"]
[EventRounds "6"]
[EventCountry "GER"]
[SourceTitle "Corr 2022"]
[Source "ChessBase"]
[SourceDate "2021.10.24"]
[SourceVersion "1"]
[SourceVersionDate "2021.10.24"]
[SourceQuality "1"]

1. e4 c5 2. Nf3 Nc6 3. d4 cxd4 4. Nxd4 Nf6 5. Nc3 e5 6. Ndb5 d6 7. Bg5 a6 8. Na3 b5 9. Nd5 Be7 10. Bxf6 Bxf6 11. c4 b4 12. Nc2 a5 13. g3 0-0 14. h4 Be6 15. Qd2 Rb8 16. Nce3 Nd4 17. 0-0-0 Re8 18. Kb1 a4 19. Bd3 h6 20. f4 exf4 21. gxf4 b3 22. a3 Nc2 23. Rc1 Nxe3 24. Qxe3 Rc8 25. h5 Bxd5 26. cxd5 Rxc1+ 27. Rxc1 Qd7 28. Qe2 Qh3 29. Bb5 Ra8 30. Re1 Rc8 31. Bc6 Rc7 32. e5 dxe5 33. fxe5 Re7 34. e6 Qf5+ 35. Qe4 Qf2 36. Qe2 Qf5+ 37. Qe4 Qf2 38. Qe2 1/2-1/2

[Event "SM-2015-0-00325"]
[Site "LSS email"]
[Date "2015.05.14"]
[Round "?"]
[White "Marth, Stefan"]
[Black "Alava Moreno, Fausto"]
[Result "1/2-1/2"]
[WhiteElo "2367"]
[BlackElo "2350"]
[PlyCount "93"]
[EventDate "2015.03.02"]
[EventType "tourn (corr)"]
[EventRounds "6"]
[EventCountry "GER"]
[SourceTitle "Corr 2022"]
[Source "ChessBase"]
[SourceDate "2021.10.24"]
[SourceVersion "1"]
[SourceVersionDate "2021.10.24"]
[SourceQuality "1"]

1. e4 e5 2. Nf3 Nc6 3. Bb5 a6 4. Ba4 Nf6 5. 0-0 Be7 6. Re1 b5 7. Bb3 d6 8. c3 0-0 9. h3 Nb8 10. d4 Nbd7 11. Nbd2 c5 12. Bc2 cxd4 13. cxd4 Bb7 14. Nf1 exd4 15. Nxd4 g6 16. a4 b4 17. Bh6 Re8 18. Qd2 Ne5 19. Rad1 d5 20. Qf4 Bd6 21. Bg5 Nh5 22. Qh4 Be7 23. Bxe7 Qxe7 24. Qxe7 Rxe7 25. exd5 Bxd5 26. Ne3 Rd8 27. Nb3 Nf4 28. Be4 Nc6 29. Nxd5 Nxd5 30. g3 Rde8 31. Rxd5 Rxe4 32. Rxe4 Rxe4 33. Nc5 Rc4 34. Nxa6 b3 35. Nb8 Nxb8 36. Rd8+ Kg7 37. Rxb8 Rxa4 38. Rxb3 Kf6 39. Rb8 Ra1+ 40. Kg2 h5 41. b4 Ra3 42. b5 Rb3 43. b6 h4 44. gxh4 Ke5 45. Rb7 f5 46. Rb8 Kf4 47. b7 1/2-1/2